Aritmética y algebra / (Registro nro. 7511)

Detalles MARC
000 -CABECERA
Campo de control interno 01741nam a2200253Ia 4500
008 - ELEMENTOS DE LONGITUD FIJA - INFORMACIÓN GENERAL
Campo de control de longitud fija 260220t1948||||xx |||||||||||||| ||spa||
040 ## - FUENTE DE CATALOGACIÓN
Agencia de catalogación original PY-SlUNAC
Idioma de catalogación spa
Convenciones de descripción rda
041 ## - CÓDIGO DE IDIOMA
Código de idioma para texto/pista de sonido o título separado spa
082 ## - NÚMERO DE CLASIFICACIÓN DECIMAL DEWEY
Clasificación Decimal Dewey (CDD) 513
Clasificación Expansiva de Cutter (EC) K672a
100 ## - ASIENTO PRINCIPAL - NOMBRE PERSONAL
Nombre personal Klein, Felit
Rol del autor Autor
245 #0 - TÍTULO
Título Aritmética y algebra /
Mención de responsabilidad por Felit Klein [Autor]
250 ## - MENCIÓN DE EDICIÓN
Mención de edición Segunda edición
264 ## - PIE DE IMPRENTA
Lugar Buenos Aires :
Editorial Iberoamericana,
Año ℗1948.
300 ## - DESCRIPCIÓN FÍSICA
Páginas 1 volumen
520 ## - NOTA DE RESUMEN
Nota de resumen En "Aritmética y álgebra", Felit Klein presenta una obra fundamental que aborda los conceptos básicos y avanzados de las matemáticas, enfocándose en la aritmética y el álgebra como pilares esenciales para el desarrollo del pensamiento lógico y crítico. A lo largo de sus capítulos, Klein desglosa los principios fundamentales de estas disciplinas, proporcionando una explicación clara y accesible que facilita la comprensión de los temas tratados. El autor utiliza ejemplos prácticos y ejercicios que permiten a los estudiantes aplicar los conocimientos adquiridos, fomentando así un aprendizaje activo. Además, Klein enfatiza la interconexión entre la aritmética y el álgebra, mostrando cómo estos campos se complementan y enriquecen mutuamente. La obra, que se sitúa en el contexto educativo de mediados del siglo XX en Buenos Aires, se convierte en un recurso valioso para educadores y estudiantes, al ofrecer un enfoque didáctico que promueve no solo la memorización, sino también la comprensión profunda de las matemáticas.
653 ## - MATERIA - TÉRMINO TEMÁTICO NO CONTROLADO (PALABRAS CLAVE)
Materia - término temático no controlado (palabras clave) Álgebra
653 ## - MATERIA - TÉRMINO TEMÁTICO NO CONTROLADO (PALABRAS CLAVE)
Materia - término temático no controlado (palabras clave) Aritmética
653 ## - MATERIA - TÉRMINO TEMÁTICO NO CONTROLADO (PALABRAS CLAVE)
Materia - término temático no controlado (palabras clave) Matemáticas
942 ## - ELEMENTOS PERSONALIZADOS (KOHA)
Fecha catalogación 2026/02/17
Tipo de documento Libros
Existencias
Fuente de Clasificacion Colección Ubicacion permanente Biblioteca actual Fecha de Ingreso a la Biblioteca Origen de adquisición Enumeración en serie / cronología Código de ubicación Código de barras Tipo de Item KOHA Nota pública
Dewey Decimal Classification Colección General (CG) Biblioteca e Internet, Facultad de Ciencias Exactas y Naturales Biblioteca e Internet, Facultad de Ciencias Exactas y Naturales 02/20/2026 Donación 2aEd. 513 K672a CG871 Libros Material disponible en la Biblioteca e Intenet, Campus UNA, San Lorenzo.